000 00210 a2200097 4500
001 30278
100 _aGreene, G
245 _aThe power and the glory
260 _aLondon
_bHeinemann
_c
090 _c20221
_d20221
942 _aNUST-CAE
_cM
_c11361
999 _c265351
_d265351